Estadísticas para Los enemigos de Estados Unidos de acuerdo a los ciudadanos

Haz click aquí para intentar la prueba.

Estadísticas generales

  • Esta prueba ha sido intentada 4.045 veces
    (562 desde el último reinicio)
  • La puntuación promedio es 13 de 17

Estadísticas de respuestas

País% Correcto
Rusia
100%
China
98%
Irán
97%
Irak
95%
Corea del Norte
92%
Afganistán
88%
Pakistán
85%
Siria
84%
Arabia Saudita
82%
Israel
78%
Japón
78%
Cuba
74%
Ucrania
67%
Francia
65%
Venezuela
65%
Libia
52%
Estados Unidos
mismo
37%

Distribución de puntuación

Porcentaje por número respondido

Porcentaje de gente con cada puntuación

Historial de tus puntuaciones

No has intentado esta prueba desde el último reinicio